| 000 | 01758cam a22003854i 4500 | ||
|---|---|---|---|
| 003 | PE-LiUPU | ||
| 005 | 20250731183357.0 | ||
| 008 | 150617s r 000 0 d | ||
| 035 | _a(Sirsi) a20030 | ||
| 040 |
_aPE-LiUPU _bspa _cPE-LiUPU _erda |
||
| 049 | _aPRUA | ||
| 082 | 0 | 4 |
_a780.572 _bH71 _221 |
| 100 | 1 |
_aHolzmann, Rodolfo, _eautor. |
|
| 245 | 1 | 0 |
_aIntroducción a la etnomusicología, teoría y práctica / _cRodolfo Holzmann. |
| 264 | 1 |
_aLima : _bCONCYTEC, _c1987. |
|
| 300 |
_a133 páginas ; _c20 cm |
||
| 336 |
_atext _2rdacontent |
||
| 337 |
_aunmediated _2rdamedia |
||
| 338 |
_avolume _2rdacarrier |
||
| 504 | _aIncluye bibliografía. | ||
| 505 | 0 | _aHistoria: precursores y antecedentes -- Deslindes desciplinarios y definiciones -- La etnomúsica -- Tradición musical y aculturación -- Etnomusicología, cultura y educación -- Béla Barók -- Método y técnica de investigación en el campo -- Método y técnica de investigación en el laboratorio -- deficiencias y rectificaciones en los antecedentes de transcripción (Argentina, Perú, Bolivia) -- Archivo y almacenaje -- Necesidades y perspectivas. | |
| 526 | _aP158 | ||
| 526 | _aP146 | ||
| 526 | _aP17 | ||
| 526 | _aP12 | ||
| 526 | _aP06 | ||
| 650 | 0 | 4 | _aEtnomusicología. |
| 910 |
_ajck _bjvq _cjck _d20150616 |
||
| 942 |
_2ddc _cBOOK |
||
| 949 |
_a780.572 H71 _wDEWEY _c1 _i34507 _lCCODEBUL1 _mBUL _p00.00 _r0 _sY _tBOOK _u19930908 _xBIBLIOTECA _zUNKNOWN _0COMPRA _o.STAFF. Colección General |
||
| 994 |
_aC0 _bPEPRU |
||
| 596 | _a1 | ||
| 999 |
_a780.572 H71 _wDEWEY _c19902 _i34507 _d19902 _e2022-7-5 _f2021-11-5 _g5 _lCCODEBUL1 _mBUL _n3 _q2 _r0 _sY _tBOOK _u2015-6-17 _xBIBLIOTECA _zUNKNOWN _0COMPRA _o.STAFF. Colección General |
||
| 980 |
_81 _gALBERTO SANCHEZ Responsable de Automatización |
||